Statistics for Capitals of 2014 FIFA World Cup Teams

Click here to take the quiz!

General Stats

  • This quiz has been taken 15,839 times
    (15,813 since last reset)
  • The average score is 21 of 32

Answer Stats

GroupCountryAnswer% Correct
Group DEnglandLondon
93%
Group GGermanyBerlin
93%
Group BSpainMadrid
91%
Group ABrazilBrasilia
91%
Group EFranceParis
91%
Group DItalyRome
89%
Group GUnited StatesWashington, DC
88%
Group FArgentinaBuenos Aires
85%
Group BNetherlandsAmsterdam
83%
Group GPortugalLisbon
83%
Group AMexicoMexico City
81%
Group CJapanTokyo
79%
Group HRussiaMoscow
78%
Group HBelgiumBrussels
73%
Group HSouth KoreaSeoul
71%
Group BAustraliaCanberra
71%
Group BChileSantiago
68%
Group DUruguayMontevideo
67%
Group CGreeceAthens
65%
Group CColombiaBogotá
64%
Group ESwtizerlandBern
62%
Group ACroatiaZagreb
57%
Group FIranTehran
52%
Group HAlgeriaAlgiers
46%
Group EEcuadorQuito
42%
Group DCosta RicaSan Jose
41%
Group FBosnia & HerzegovinaSarajevo
40%
Group GGhanaAccra
38%
Group FNigeriaAbuja
36%
Group ACameroonYaoundé
27%
Group EHondurasTegucigalpa
26%
Group CIvory CoastYamoussoukro
21%

Score Distribution

Percentile by Number Answered

Percent of People with Each Score

Your Score History

You have not taken this quiz since the last reset